[Event "Alberta-ch Reserves"]
[Site "Edmonton CAN"]
[Date "2012.04.08"]
[Round "4"]
[White "Pradzinski, Tim"]
[Black "Yearwood, Roy"]
[Result "0-1"]
[WhiteElo "1927"]
[BlackElo "2183"]
[PlyCount "76"]
[GameId "2160767909509822"]
[EventDate "2012.04.07"]
[EventType "swiss"]
[EventRounds "5"]
[EventCountry "CAN"]
[SourceTitle "EXT 2022"]
[Source "ChessBase"]
[SourceDate "2021.10.06"]
[SourceVersion "1"]
[SourceVersionDate "2021.10.06"]
[SourceQuality "1"]

1. e4 d6 2. d4 Nf6 3. Nc3 g6 4. Bd3 Nc6 5. Nge2 e5 6. d5 Ne7 7. Bg5 Bg7 8. Qd2 O-O 9. O-O-O Ng4 10. Rdf1 f6 11. Be3 f5 12. f3 Nxe3 13. Qxe3 Bd7 14. h4 f4 15. Qf2 Qb8 16. g4 h6 17. Kd2 a6 18. Ra1 Rc8 19. Rhc1 Be8 20. Qh2 Bf7 21. Nd1 c6 22. c4 b5 23. b3 Qb6 24. Ke1 Qa5+ 25. Nec3 bxc4 26. bxc4 cxd5 27. exd5 Rab8 28. Kf1 Qa3 29. Qc2 Bf6 30. h5 gxh5 31. gxh5 Kh8 32. Ne4 Nxd5 33. Nxf6 Nxf6 34. Bg6 Qxf3+ 35. Nf2 Bxc4+ 36. Ke1 Nd5 37. Be4 Qe3+ 38. Kd1 Nc3+ 0-1

[Event "Alberta-ch Reserves"]
[Site "Edmonton CAN"]
[Date "2012.04.08"]
[Round "4"]
[White "Pua, Richard"]
[Black "Sponga, George"]
[Result "1/2-1/2"]
[WhiteElo "2019"]
[BlackElo "1838"]
[PlyCount "81"]
[GameId "2160767909509823"]
[EventDate "2012.04.07"]
[EventType "swiss"]
[EventRounds "5"]
[EventCountry "CAN"]
[SourceTitle "EXT 2022"]
[Source "ChessBase"]
[SourceDate "2021.10.06"]
[SourceVersion "1"]
[SourceVersionDate "2021.10.06"]
[SourceQuality "1"]

1. e4 d6 2. d4 g6 3. c4 Bg7 4. Nc3 Nf6 5. f4 c6 6. e5 dxe5 7. fxe5 Ng4 8. h3 Nxe5 9. dxe5 Qxd1+ 10. Kxd1 Bxe5 11. Nf3 Bg7 12. Bd3 O-O 13. Re1 Rd8 14. Kc2 Na6 15. a3 Rxd3 16. Kxd3 Nc5+ 17. Ke2 Bf5 18. Be3 Nd3 19. g4 Nxe1 20. gxf5 Nc2 21. Rd1 Nxe3 22. Kxe3 Kf8 23. Rd2 Rb8 24. fxg6 hxg6 25. Rd3 f6 26. b4 Kf7 27. c5 g5 28. Ne4 Bh6 29. Ke2 b6 30. Rd7 a5 31. cxb6 axb4 32. a4 Rxb6 33. Nc5 b3 34. Rd1 g4 35. hxg4 b2 36. Rb1 Rb4 37. Nd3 Rxa4 38. Rxb2 Re4+ 39. Kf2 Re3 40. Nc5 Ra3 41. Rb3 1/2-1/2

[Event "Alberta-ch Reserves"]
[Site "Edmonton CAN"]
[Date "2012.04.08"]
[Round "4"]
[White "Sekuloff, Mike"]
[Black "White, Chris"]
[Result "0-1"]
[WhiteElo "1582"]
[BlackElo "1792"]
[PlyCount "92"]
[GameId "2160767909509824"]
[EventDate "2012.04.07"]
[EventType "swiss"]
[EventRounds "5"]
[EventCountry "CAN"]
[SourceTitle "EXT 2022"]
[Source "ChessBase"]
[SourceDate "2021.10.06"]
[SourceVersion "1"]
[SourceVersionDate "2021.10.06"]
[SourceQuality "1"]

1. e4 e6 2. d4 d5 3. e5 c5 4. c3 Nc6 5. Nf3 Qb6 6. Bd3 Nge7 7. O-O Ng6 8. Bc2 Be7 9. Re1 Bd7 10. Re2 f6 11. exf6 gxf6 12. Qe1 Na5 13. dxc5 Qc7 14. Nd4 e5 15. Nf5 O-O-O 16. b4 Nc4 17. Nd2 Rhg8 18. Nxc4 dxc4 19. Nxe7+ Nxe7 20. Bxh7 Rg7 21. Be4 f5 22. Bxb7+ Qxb7 23. f3 Qxf3 24. Rf2 Qh3 25. Qxe5 Rdg8 26. g3 Ng6 27. Qd5 f4 28. Qa8+ Kc7 29. Qxa7+ Kd8 30. Qa8+ Ke7 31. Re2+ Kf6 32. Qa6+ Be6 33. Rf2 Kg5 34. c6 Kh6 35. Rxf4 Nxf4 36. Bxf4+ Kh7 37. Rd1 Rf7 38. Rd4 Re7 39. Bd6 Bd5 40. Rh4+ Qxh4 41. Bxe7 Qxe7 42. Qb7 Qxb7 43. cxb7 Bxb7 44. a4 Ra8 45. a5 Ba6 46. Kf2 Rd8 0-1

[Event "Alberta-ch Reserves"]
[Site "Edmonton CAN"]
[Date "2012.04.08"]
[Round "4"]
[White "Sequillion, Aaron"]
[Black "Pedersen, Rick"]
[Result "0-1"]
[WhiteElo "2064"]
[BlackElo "1908"]
[PlyCount "98"]
[GameId "2160767909509825"]
[EventDate "2012.04.07"]
[EventType "swiss"]
[EventRounds "5"]
[EventCountry "CAN"]
[SourceTitle "EXT 2022"]
[Source "ChessBase"]
[SourceDate "2021.10.06"]
[SourceVersion "1"]
[SourceVersionDate "2021.10.06"]
[SourceQuality "1"]

1. e4 d6 2. d4 Nf6 3. Nc3 g6 4. Be3 c6 5. Qd2 Nbd7 6. Nf3 e5 7. O-O-O Qe7 8. Bh6 Bxh6 9. Qxh6 b5 10. dxe5 dxe5 11. Bd3 Bb7 12. h3 O-O-O 13. Qe3 Kb8 14. a4 a6 15. g4 Rhe8 16. Kb1 Qc5 17. Qe2 Qb4 18. axb5 cxb5 19. Rd2 Rc8 20. Na2 Qa4 21. b3 Qa3 22. g5 Nh5 23. Bxb5 Nf4 24. Qe3 Ng2 25. Qd3 axb5 26. Qxd7 Bxe4 27. Qxb5+ Ka8 28. Nxe5 Rb8 29. Nc4 Rxb5 30. Nxa3 Rxb3+ 31. Kc1 Rxa3 32. Kb2 Ra7 33. Nb4 Rb7 34. Rd4 Bf5 35. Ra1+ Kb8 36. Kc3 Rc8+ 37. Kd2 Rd7 38. Rxd7 Bxd7 39. c3 Nf4 40. h4 Be6 41. Rc1 Nd5 42. Nxd5 Bxd5 43. Ke3 Be6 44. f4 Kc7 45. Kd4 Kd6 46. c4 Ra8 47. c5+ Ke7 48. c6 Kd6 49. c7 Rc8 0-1

[Event "Alberta-ch Reserves"]
[Site "Edmonton CAN"]
[Date "2012.04.08"]
[Round "4"]
[White "Wang, Harris"]
[Black "Seehagen, Terry"]
[Result "0-1"]
[WhiteElo "1879"]
[BlackElo "1845"]
[PlyCount "84"]
[GameId "2160767909509827"]
[EventDate "2012.04.07"]
[EventType "swiss"]
[EventRounds "5"]
[EventCountry "CAN"]
[SourceTitle "EXT 2022"]
[Source "ChessBase"]
[SourceDate "2021.10.06"]
[SourceVersion "1"]
[SourceVersionDate "2021.10.06"]
[SourceQuality "1"]

1. e4 d5 2. exd5 Nf6 3. Bb5+ Bd7 4. Bxd7+ Qxd7 5. c4 c6 6. Nc3 cxd5 7. Nxd5 Nxd5 8. cxd5 Qxd5 9. Nf3 g6 10. O-O Bg7 11. a3 O-O 12. Qe2 e5 13. d3 Nd7 14. Rd1 Nc5 15. Bg5 Nb3 16. Rab1 Rfe8 17. Nd2 e4 18. Nxb3 exd3 19. Rxd3 Qxg5 20. Qd2 Qh5 21. Nd4 Rac8 22. h3 Red8 23. Nf3 Bf6 24. Rxd8+ Rxd8 25. Qe3 Qf5 26. Re1 Bxb2 27. Qxa7 b5 28. Qe7 Rd3 29. a4 Bc3 30. Re3 Rd1+ 31. Kh2 b4 32. a5 Ra1 33. Kg3 Rxa5 34. Qd8+ Kg7 35. Re8 Qf6 36. Rg8+ Kh6 37. Qf8+ Kh5 38. Kh2 Be5+ 39. Kh1 Ra1+ 40. Ng1 Qxf2 41. g4+ Kh4 42. Qd8+ Bf6 0-1

[Event "Alberta-ch Reserves"]
[Site "Edmonton CAN"]
[Date "2012.04.08"]
[Round "5"]
[White "Blyznyuk, Vladimir"]
[Black "Pradzinski, Tim"]
[Result "1-0"]
[WhiteElo "1489"]
[BlackElo "1927"]
[PlyCount "32"]
[GameId "2160767909509828"]
[EventDate "2012.04.07"]
[EventType "swiss"]
[EventRounds "5"]
[EventCountry "CAN"]
[SourceTitle "EXT 2022"]
[Source "ChessBase"]
[SourceDate "2021.10.06"]
[SourceVersion "1"]
[SourceVersionDate "2021.10.06"]
[SourceQuality "1"]

1. d4 d5 2. Nf3 Nf6 3. c4 e6 4. Bg5 Be7 5. e3 Nbd7 6. Nc3 O-O 7. Bd3 h6 8. Bh4 c5 9. h3 b6 10. cxd5 exd5 11. dxc5 Nxc5 12. O-O Bd7 13. Ne5 Nfe4 14. Bxe7 Qxe7 15. Nxe4 dxe4 16. Bb5 Qxe5 1-0

[Event "Alberta-ch Reserves"]
[Site "Edmonton CAN"]
[Date "2012.04.08"]
[Round "5"]
[White "Borger, Rocky"]
[Black "Frier, Ken"]
[Result "1-0"]
[WhiteElo "1373"]
[BlackElo "1484"]
[PlyCount "63"]
[GameId "2160767909509829"]
[EventDate "2012.04.07"]
[EventType "swiss"]
[EventRounds "5"]
[EventCountry "CAN"]
[SourceTitle "EXT 2022"]
[Source "ChessBase"]
[SourceDate "2021.10.06"]
[SourceVersion "1"]
[SourceVersionDate "2021.10.06"]
[SourceQuality "1"]

1. d4 Nf6 2. c4 g6 3. Nc3 Bg7 4. Bg5 O-O 5. Qd2 Re8 6. Nf3 d6 7. e4 Nfd7 8. Bd3 b6 9. h3 e5 10. d5 Bb7 11. Bh6 Bh8 12. g4 Nf8 13. Ng5 Re7 14. f3 Nfd7 15. h4 Nf6 16. h5 Bc8 17. O-O-O Qe8 18. Rdg1 c6 19. Rh4 cxd5 20. cxd5 Na6 21. hxg6 fxg6 22. Nh3 Nc5 23. Bc2 Rb8 24. f4 exf4 25. Qxf4 Ncxe4 26. Nxe4 Nxe4 27. Rf1 Rf7 28. Qxf7+ Qxf7 29. Rxf7 Bb7 30. Rxb7 Rxb7 31. Bxe4 Bf6 32. Bg5 1-0

[Event "Alberta-ch Reserves"]
[Site "Edmonton CAN"]
[Date "2012.04.08"]
[Round "5"]
[White "Daniluk, Jim"]
[Black "Yearwood, Roy"]
[Result "1-0"]
[WhiteElo "1937"]
[BlackElo "2164"]
[PlyCount "39"]
[GameId "2160767909509830"]
[EventDate "2012.04.07"]
[EventType "swiss"]
[EventRounds "5"]
[EventCountry "CAN"]
[SourceTitle "EXT 2022"]
[Source "ChessBase"]
[SourceDate "2021.10.06"]
[SourceVersion "1"]
[SourceVersionDate "2021.10.06"]
[SourceQuality "1"]

1. d4 Nf6 2. c4 g6 3. Nf3 Bg7 4. g3 O-O 5. Bg2 d6 6. O-O c6 7. Nc3 Qa5 8. h3 Be6 9. Nd2 Nbd7 10. d5 cxd5 11. Nb3 Qb4 12. cxd5 Bf5 13. a3 Qc4 14. Nd2 Qd4 15. e4 Nh5 16. Nb3 Qxd1 17. Nxd1 Ne5 18. exf5 gxf5 19. Nd4 f4 20. g4 1-0

[Event "Alberta-ch Reserves"]
[Site "Edmonton CAN"]
[Date "2012.04.08"]
[Round "5"]
[White "Pedersen, Rick"]
[Black "Gardner, Robert"]
[Result "0-1"]
[WhiteElo "1908"]
[BlackElo "2302"]
[PlyCount "56"]
[GameId "2160767909509831"]
[EventDate "2012.04.07"]
[EventType "swiss"]
[EventRounds "5"]
[EventCountry "CAN"]
[SourceTitle "EXT 2022"]
[Source "ChessBase"]
[SourceDate "2021.10.06"]
[SourceVersion "1"]
[SourceVersionDate "2021.10.06"]
[SourceQuality "1"]

1. d3 b6 2. e4 Bb7 3. c4 e6 4. Nc3 Ne7 5. Bg5 f6 6. Bh4 Ng6 7. Bg3 Bb4 8. Rc1 O-O 9. h4 d5 10. h5 Ne7 11. cxd5 exd5 12. a3 Bxc3+ 13. Rxc3 c5 14. Qg4 f5 15. exf5 Nxf5 16. Be5 Qe7 17. f4 Nc6 18. Nf3 Nfd4 19. Nxd4 cxd4 20. Rxc6 Bxc6 21. h6 g6 22. Rh5 Bd7 23. Qg3 Rac8 24. Rg5 Bf5 25. Qh4 Rc1+ 26. Kf2 Qc5 27. g4 Qc2+ 28. Kg1 Qe2 0-1

[Event "Alberta-ch Reserves"]
[Site "Edmonton CAN"]
[Date "2012.04.08"]
[Round "5"]
[White "Sekuloff, Mike"]
[Black "Wang, Harris"]
[Result "0-1"]
[WhiteElo "1582"]
[BlackElo "1879"]
[PlyCount "44"]
[GameId "2160767909509832"]
[EventDate "2012.04.07"]
[EventType "swiss"]
[EventRounds "5"]
[EventCountry "CAN"]
[SourceTitle "EXT 2022"]
[Source "ChessBase"]
[SourceDate "2021.10.06"]
[SourceVersion "1"]
[SourceVersionDate "2021.10.06"]
[SourceQuality "1"]

1. e4 c5 2. Nf3 d6 3. d4 cxd4 4. Nxd4 Nf6 5. Nc3 g6 6. Bc4 Bg7 7. O-O Nc6 8. Nxc6 bxc6 9. Be3 O-O 10. h3 a5 11. f4 Ba6 12. Bxa6 Rxa6 13. Qe2 Ra8 14. Rad1 Qb8 15. e5 dxe5 16. fxe5 Nh5 17. Qf3 Bxe5 18. Qxc6 Bh2+ 19. Kh1 Ng3+ 20. Kxh2 Nxf1+ 21. Kh1 Nxe3 22. Rd7 Ra7 0-1

[Event "Alberta-ch Reserves"]
[Site "Edmonton CAN"]
[Date "2012.04.08"]
[Round "5"]
[White "Smith, Kevin"]
[Black "Razzaq, Ali"]
[Result "0-1"]
[WhiteElo "1822"]
[BlackElo "1849"]
[PlyCount "64"]
[GameId "2160767909509833"]
[EventDate "2012.04.07"]
[EventType "swiss"]
[EventRounds "5"]
[EventCountry "CAN"]
[SourceTitle "EXT 2022"]
[Source "ChessBase"]
[SourceDate "2021.10.06"]
[SourceVersion "1"]
[SourceVersionDate "2021.10.06"]
[SourceQuality "1"]

1. e4 d5 2. exd5 Qxd5 3. Nc3 Qd6 4. d4 c6 5. h3 Nf6 6. Nf3 e6 7. Bd3 b5 8. O-O Bb7 9. Bg5 Na6 10. Nxb5 cxb5 11. Bxb5+ Nd7 12. Ne5 Nab8 13. c4 f6 14. Qh5+ g6 15. Nxg6 hxg6 16. Qxh8 fxg5 17. Rfe1 Kf7 18. Rad1 Bg7 19. Qd8 Bf6 20. Qa5 Nc6 21. Qd2 Nxd4 22. Qe3 Nc5 23. b4 Ne4 24. f3 Ng3 25. c5 Qf4 26. Qf2 Nxb5 27. Rd7+ Ke8 28. Rxb7 Bd4 29. Rxe6+ Kf8 30. Ree7 Bxf2+ 31. Kxf2 Nf5 32. Rh7 Qe3+ 0-1

[Event "Alberta-ch Reserves"]
[Site "Edmonton CAN"]
[Date "2012.04.08"]
[Round "5"]
[White "Sponga, George"]
[Black "Sequillion, Aaron"]
[Result "0-1"]
[WhiteElo "1656"]
[BlackElo "2064"]
[PlyCount "126"]
[GameId "2160767909509834"]
[EventDate "2012.04.07"]
[EventType "swiss"]
[EventRounds "5"]
[EventCountry "CAN"]
[SourceTitle "EXT 2022"]
[Source "ChessBase"]
[SourceDate "2021.10.06"]
[SourceVersion "1"]
[SourceVersionDate "2021.10.06"]
[SourceQuality "1"]

1. d4 Nf6 2. e3 g6 3. Bd3 Bg7 4. Nf3 O-O 5. O-O d6 6. h3 Nbd7 7. Re1 e5 8. dxe5 dxe5 9. e4 Re8 10. Be3 Qe7 11. a3 a5 12. Nc3 c6 13. Qd2 Nc5 14. Rad1 b5 15. Nh2 Nfd7 16. Nxb5 cxb5 17. Bxb5 Rd8 18. Qd5 Bb7 19. Bc6 Bxc6 20. Qxc6 Rdc8 21. Qb5 a4 22. Rd5 Rab8 23. Qa5 Rxb2 24. Red1 Bf8 25. Ng4 h5 26. Qc3 Rbb8 27. Nxe5 Nxe5 28. Rxe5 Bg7 29. Rxe7 Bxc3 30. Rd5 Ne6 31. Rdd7 Rf8 32. Ra7 Bd4 33. Rxa4 Bxe3 34. fxe3 Ra8 35. Rea7 Rxa7 36. Rxa7 Rc8 37. a4 Rxc2 38. a5 Re2 39. a6 Rxe3 40. Rb7 Ra3 41. a7 Kg7 42. e5 Ra2 43. Kf1 h4 44. Ke1 g5 45. Kd1 Kg6 46. Kc1 Nf4 47. Kb1 Ra5 48. Kb2 Nxg2 49. Kb3 Nf4 50. Kb4 Ra1 51. Kb5 Kf5 52. Rxf7+ Kxe5 53. Kb6 Nxh3 54. Rf8 Nf4 55. a8=Q Rxa8 56. Rxa8 h3 57. Kc5 g4 58. Re8+ Ne6+ 59. Kc4 h2 60. Rh8 g3 61. Rh3 Kf4 62. Kd3 Kf3 63. Kd2 Kg2 0-1

[Event "Alberta-ch Reserves"]
[Site "Edmonton CAN"]
[Date "2012.04.08"]
[Round "5"]
[White "Yao, David"]
[Black "Wang, Kaixin"]
[Result "0-1"]
[WhiteElo "1285"]
[BlackElo "1110"]
[PlyCount "60"]
[GameId "2160767909509835"]
[EventDate "2012.04.07"]
[EventType "swiss"]
[EventRounds "5"]
[EventCountry "CAN"]
[SourceTitle "EXT 2022"]
[Source "ChessBase"]
[SourceDate "2021.10.06"]
[SourceVersion "1"]
[SourceVersionDate "2021.10.06"]
[SourceQuality "1"]

1. e4 e6 2. d4 d5 3. e5 c5 4. c3 Nc6 5. Nf3 Qb6 6. a3 g6 7. Be3 Qxb2 8. Nbd2 Qxc3 9. Bb5 Nge7 10. dxc5 Bg7 11. Bd4 Qa5 12. Qb3 O-O 13. Bc3 Qc7 14. O-O a6 15. Bxc6 Nxc6 16. Rfe1 Rd8 17. Bb2 Qe7 18. Qc2 Bd7 19. Rad1 Rac8 20. Nb3 Na7 21. Rc1 Ba4 22. Re3 b6 23. Rc3 bxc5 24. Qe2 c4 25. Nbd4 Nb5 26. Nxb5 Bxb5 27. Rd1 Qa7 28. Qd2 d4 29. Nxd4 Bxe5 30. Rc2 Ba4 0-1

[Event "Alberta-ch U20"]
[Site "Edmonton CAN"]
[Date "2012.11.03"]
[Round "1"]
[White "Grossmann, Lenard"]
[Black "Yao, David"]
[Result "1/2-1/2"]
[WhiteElo "1423"]
[BlackElo "1614"]
[PlyCount "81"]
[GameId "2160767909411622"]
[EventDate "2012.11.03"]
[EventType "swiss"]
[EventRounds "5"]
[EventCountry "CAN"]

1. d4 g6 2. Nf3 Bg7 3. e4 c5 4. d5 d6 5. Bb5+ Nd7 6. O-O Ngf6 7. Bd3 a6 8. c4 O-O 9. Nc3 Ng4 10. h3 Nge5 11. Nxe5 Nxe5 12. f4 Nd7 13. Qe2 e6 14. Be3 Re8 15. Rac1 exd5 16. Nxd5 Nf6 17. Nxf6+ Qxf6 18. b3 Bd7 19. Rfe1 Bc6 20. Qc2 b5 21. Bd2 Qh4 22. Kh2 Bd4 23. g3 Qd8 24. Bc3 Bxc3 25. Qxc3 Re6 26. Rc2 Qf6 27. Qxf6 Rxf6 28. Rce2 b4 29. Kg2 Kg7 30. Rf1 Re8 31. g4 Rfe6 32. Rfe1 f5 33. Kf3 Kf6 34. g5+ Kg7 35. h4 h6 36. Re3 hxg5 37. hxg5 R8e7 38. R1e2 Kf8 39. Re1 Ke8 40. R3e2 Kd7 41. Re3 1/2-1/2

[Event "Alberta-ch U20"]
[Site "Edmonton CAN"]
[Date "2012.11.03"]
[Round "1"]
[White "Lee, Nicholas"]
[Black "Wang, Kaixin"]
[Result "0-1"]
[WhiteElo "1750"]
[BlackElo "1452"]
[PlyCount "58"]
[GameId "2160767909411623"]
[EventDate "2012.11.03"]
[EventType "swiss"]
[EventRounds "5"]
[EventCountry "CAN"]

1. e4 e6 2. d4 d5 3. Nd2 Nc6 4. Ngf3 b6 5. Bb5 Bb7 6. Ne5 Nge7 7. Qh5 g6 8. Qf3 f5 9. exf5 exf5 10. c4 Qd6 11. cxd5 Nxd5 12. O-O Bg7 13. Ndc4 Qe6 14. Nxc6 Bxc6 15. Bxc6+ Qxc6 16. Re1+ Kf8 17. Ne5 Re8 18. Bh6 Qd6 19. Bxg7+ Kxg7 20. Rac1 c6 21. Kf1 Nb4 22. Qa3 a5 23. Rc4 b5 24. Rxc6 Qxc6 25. Qxb4 Rxe5 26. Qxa5 Rxe1+ 27. Qxe1 Re8 28. Qd2 Qc4+ 29. Kg1 Qe2 0-1

[Event "Alberta-ch U20"]
[Site "Edmonton CAN"]
[Date "2012.11.03"]
[Round "1"]
[White "Wang, Richard"]
[Black "Carlson, Andrew"]
[Result "1-0"]
[WhiteElo "2444"]
[BlackElo "418"]
[PlyCount "49"]
[GameId "2160767909411625"]
[EventDate "2012.11.03"]
[EventType "swiss"]
[EventRounds "5"]
[EventCountry "CAN"]

1. d4 d5 2. Nf3 Bf5 3. c4 e6 4. Nc3 c5 5. cxd5 exd5 6. g3 Nc6 7. Bg2 Nf6 8. O-O Qb6 9. dxc5 Bxc5 10. Na4 Qb5 11. Nxc5 Qxc5 12. Be3 Qb5 13. Nd4 Qxb2 14. Nxf5 O-O 15. Nd4 Ng4 16. Nxc6 bxc6 17. Bd4 Qb8 18. e4 Nf6 19. Bxf6 gxf6 20. exd5 Qb7 21. dxc6 Qb6 22. Qg4+ Kh8 23. Qf5 Qd4 24. Be4 Rfe8 25. Qxh7# 1-0

[Event "Alberta-ch U20"]
[Site "Edmonton CAN"]
[Date "2012.11.03"]
[Round "2"]
[White "Miller, David"]
[Black "Lin, Kaining"]
[Result "1-0"]
[WhiteElo "2158"]
[BlackElo "867"]
[PlyCount "43"]
[GameId "2160767909411626"]
[EventDate "2012.11.03"]
[EventType "swiss"]
[EventRounds "5"]
[EventCountry "CAN"]

1. e4 e5 2. Nf3 Nc6 3. Bb5 a6 4. Ba4 b5 5. Bb3 Nf6 6. O-O Bc5 7. Nxe5 Nxe4 8. Nxf7 Qf6 9. Qe2 d5 10. Bxd5 Qe7 11. Nxh8 Nd4 12. Qxe4 Qxe4 13. Bxe4 Rb8 14. Re1 Kd8 15. c3 Ne6 16. d4 Bb6 17. d5 Nc5 18. Bg5+ Kd7 19. Bf5+ Kd6 20. Nf7+ Kxd5 21. Rd1+ Kc4 22. Na3# 1-0

[Event "Alberta-ch U20"]
[Site "Edmonton CAN"]
[Date "2012.11.03"]
[Round "2"]
[White "Wang, Kaixin"]
[Black "Wang, Richard"]
[Result "0-1"]
[WhiteElo "1452"]
[BlackElo "2444"]
[PlyCount "66"]
[GameId "2160767909411628"]
[EventDate "2012.11.03"]
[EventType "swiss"]
[EventRounds "5"]
[EventCountry "CAN"]

1. e4 c5 2. Nf3 d6 3. d4 cxd4 4. Nxd4 Nf6 5. Nc3 g6 6. Be3 Bg7 7. Bc4 Nc6 8. O-O O-O 9. Qd2 Ng4 10. Nf3 Nxe3 11. Qxe3 Bd7 12. a3 Rc8 13. Bb3 a6 14. Rab1 Na5 15. Ba2 b5 16. Nd5 Rxc2 17. Nd4 Rc8 18. Rfd1 Nc4 19. Bxc4 Rxc4 20. Nf3 Be6 21. b3 Rc5 22. Nd4 Bxd4 23. Qxd4 Bxd5 24. exd5 Qd7 25. Rd3 Rfc8 26. h3 Qf5 27. Rbd1 Rc1 28. Rf3 Qe5 29. Rfd3 Rxd1+ 30. Rxd1 Qxd4 31. Rxd4 Rc1+ 32. Kh2 Rc3 33. Rb4 Rd3 0-1

[Event "Alberta-ch U20"]
[Site "Edmonton CAN"]
[Date "2012.11.03"]
[Round "2"]
[White "Yao, David"]
[Black "Lee, Nicholas"]
[Result "0-1"]
[WhiteElo "1614"]
[BlackElo "1750"]
[PlyCount "122"]
[GameId "2160767909411629"]
[EventDate "2012.11.03"]
[EventType "swiss"]
[EventRounds "5"]
[EventCountry "CAN"]

1. d4 Nf6 2. c4 g6 3. Nc3 d5 4. Bf4 Bg7 5. h3 O-O 6. e3 c5 7. dxc5 dxc4 8. Qxd8 Rxd8 9. Bxc4 Nbd7 10. Rd1 Re8 11. Nb5 Nxc5 12. Nc7 Bf5 13. Nxa8 Rxa8 14. g4 Be4 15. f3 Bc6 16. b4 Na4 17. b5 Be8 18. Ne2 Rc8 19. Bd5 Nxd5 20. Rxd5 Rc2 21. Rd2 Rxd2 22. Kxd2 Bxb5 23. Rc1 Bc6 24. Ng3 e5 25. Bxe5 Bxe5 26. f4 Bc7 27. Ne2 Ba5+ 28. Kc2 Bf3 29. Nd4 Be4+ 30. Kb3 Nb6 31. Rc5 Bd2 32. Re5 Bg2 33. h4 Nd5 34. Nc2 a5 35. Kc4 Nf6 36. g5 Bf1+ 37. Kb3 Nd7 38. Rd5 Bc4+ 39. Kxc4 Nb6+ 40. Kd4 Nxd5 41. Kxd5 b5 42. Kc5 b4 43. Kb5 Kg7 44. e4 Kf8 45. f5 Ke7 46. Nd4 Kd6 47. Nb3 Be1 48. Kxa5 Bxh4 49. Kxb4 Bxg5 50. a4 h5 51. Nd4 Bd2+ 52. Kb5 g5 53. Nf3 Be3 54. a5 g4 55. e5+ Kc7 56. e6 fxe6 57. f6 gxf3 58. f7 Bh6 59. a6 f2 60. f8=Q Bxf8 61. a7 f1=Q+ 0-1

[Event "Alberta-ch U20"]
[Site "Edmonton CAN"]
[Date "2012.11.03"]
[Round "3"]
[White "Carlson, Andrew"]
[Black "Yao, David"]
[Result "0-1"]
[WhiteElo "418"]
[BlackElo "1614"]
[PlyCount "128"]
[GameId "2160767909411630"]
[EventDate "2012.11.03"]
[EventType "swiss"]
[EventRounds "5"]
[EventCountry "CAN"]

1. e4 e6 2. d4 d5 3. e5 c5 4. c3 Nc6 5. Nf3 Qb6 6. Be3 Qxb2 7. Nbd2 Qxc3 8. Bb5 Bd7 9. O-O Qa5 10. Bxc6 Bxc6 11. Nb3 Qc7 12. dxc5 g6 13. Qd4 Ne7 14. Rfe1 Nf5 15. Qc3 Bg7 16. Qb2 O-O 17. Nbd4 Bxe5 18. Nxe5 Qxe5 19. Bh6 Qxd4 20. Qxd4 Nxd4 21. Bxf8 Kxf8 22. Rad1 Nf5 23. Re5 Kg7 24. g4 Ne7 25. g5 Nf5 26. f4 Rd8 27. Kf2 d4 28. Re2 d3 29. Red2 Bb5 30. Rb1 a6 31. a4 Bc6 32. Rb6 Rd7 33. a5 Nh4 34. Ke3 Nf5+ 35. Kf2 Bb5 36. h3 Nd4 37. Ke3 Nb3 38. Rd1 d2 39. h4 Rd3+ 40. Ke2 Rc3+ 41. Kf2 Rc1 42. Rxd2 Nxd2 43. Rxb7 Rf1+ 44. Kg3 Ne4+ 45. Kg2 Rxf4 46. Kh3 Bf1+ 47. Kh2 Rxh4+ 48. Kg1 Bb5 49. c6 Bxc6 50. Rb2 Rg4+ 51. Rg2 Rxg2+ 52. Kxg2 Nxg5+ 53. Kg3 h5 54. Kh4 e5 55. Kxg5 e4 56. Kf4 h4 57. Kg4 e3 58. Kxh4 e2 59. Kg3 e1=Q+ 60. Kg4 Qe4+ 61. Kg5 Qf5+ 62. Kh4 g5+ 63. Kg3 Qf4+ 64. Kh3 Qh4# 0-1

[Event "Alberta-ch U20"]
[Site "Edmonton CAN"]
[Date "2012.11.03"]
[Round "3"]
[White "Lee, Nicholas"]
[Black "Grossmann, Lenard"]
[Result "0-1"]
[WhiteElo "1750"]
[BlackElo "1423"]
[PlyCount "118"]
[GameId "2160767909411631"]
[EventDate "2012.11.03"]
[EventType "swiss"]
[EventRounds "5"]
[EventCountry "CAN"]

1. d4 Nf6 2. Nf3 e6 3. e3 c5 4. Bd3 Nc6 5. O-O d5 6. b3 cxd4 7. exd4 Bd6 8. Bb2 Qc7 9. Qe2 O-O 10. a3 Re8 11. Ne5 Bf8 12. f4 a6 13. Nd2 b5 14. Rac1 b4 15. axb4 Nxb4 16. c3 Nxd3 17. Qxd3 a5 18. g4 Ba6 19. c4 Qb7 20. g5 dxc4 21. Nexc4 Nd5 22. Rf3 g6 23. Qe4 Qe7 24. Ba3 Nb4 25. Nxa5 Bd3 26. Qe5 Qa7 27. Bxb4 Bxb4 28. Nc6 Qa3 29. Qe1 Bxd2 30. Qxd2 Be4 31. Rfc3 Bxc6 32. Rxc6 Rab8 33. R6c3 Rxb3 34. Rxb3 Qxb3 35. Qc3 Qxc3 36. Rxc3 Rd8 37. Rd3 f6 38. h4 Kf7 39. Kf2 e5 40. gxf6 Rxd4 41. Rxd4 exd4 42. Kf3 Kxf6 43. Ke4 h5 44. Kxd4 Kf5 45. Ke3 Kg4 46. Ke4 Kxh4 47. Kf3 Kh3 48. Kf2 Kg4 49. Ke3 Kg3 50. Ke4 h4 51. Ke5 h3 52. Kf6 Kxf4 53. Kxg6 h2 54. Kf6 h1=Q 55. Kg6 Qd5 56. Kf6 Qd6+ 57. Kf7 Kg5 58. Kg7 Qe7+ 59. Kg8 Kg6 0-1

[Event "Alberta-ch U20"]
[Site "Edmonton CAN"]
[Date "2012.11.03"]
[Round "3"]
[White "Lin, Kaining"]
[Black "Wang, Kaixin"]
[Result "1/2-1/2"]
[WhiteElo "867"]
[BlackElo "1452"]
[PlyCount "95"]
[GameId "2160767909411632"]
[EventDate "2012.11.03"]
[EventType "swiss"]
[EventRounds "5"]
[EventCountry "CAN"]

1. e4 e6 2. d4 d5 3. Nc3 Bb4 4. Bd2 Nf6 5. Nf3 Bxc3 6. Bxc3 Nxe4 7. Bd3 Nxc3 8. bxc3 Nd7 9. O-O O-O 10. Qd2 c5 11. Ng5 Nf6 12. dxc5 Ne4 13. Bxe4 dxe4 14. Qxd8 Rxd8 15. Nxe4 f5 16. Nd6 b6 17. Nxc8 Raxc8 18. cxb6 axb6 19. Rae1 Rxc3 20. Rxe6 Rxc2 21. Rxb6 Rxa2 22. h3 f4 23. Rb4 Rf8 24. Rc1 Ra6 25. Rcc4 Raf6 26. f3 h6 27. Rb7 Rg6 28. Rbb4 Rgf6 29. Kf2 g5 30. g3 fxg3+ 31. Kxg3 Rxf3+ 32. Kg4 R8f6 33. Rb8+ Rf8 34. Rb6 R3f4+ 35. Rxf4 Rxf4+ 36. Kh5 Rh4+ 37. Kg6 Kf8 38. Kf6 Ke8 39. Ke6 Kd8 40. Kd6 Kc8 41. Rc6+ Kb8 42. Rb6+ Ka7 43. Kc6 Rc4+ 44. Kb5 Rb4+ 45. Kxb4 Kxb6 46. Kc4 h5 47. Kd4 Kc6 48. Ke4 1/2-1/2